| 000 | 01378nas a2200349 c 4500 | ||
|---|---|---|---|
| 001 | 291903 | ||
| 003 | BLK | ||
| 005 | 20240215133204.0 | ||
| 008 | 180413b bul raner|||| |0| c1bulo| | ||
| 010 | _aPRD00003366000 | ||
| 022 | _aC607-3271 | ||
| 040 | _aBLK | ||
| 041 |
_aBUL _cBUL |
||
| 080 |
_aБългарска литература _b821.163.2 _x-94(497.21) _z821.163.2-94(497.21) |
||
| 110 | 1 |
_aЙордан Палежев, К.Терзиев _eРед. кол.: Йордан Палежев, К.Терзиев _9358323 |
|
| 245 | 1 | 0 |
_aДЕННИЦА _bВестник за нар. живот и култура, за история, религия и лит. _cЙордан Палежев, К.Терзиев ; Ред. кол.: Йордан Палежев, К.Терзиев _fНачална год. на издаване: Год. 1, № 1(1993), |
| 257 | _aBGR | ||
| 260 |
_bЙордан Палежев : Константин Терзиев _c1993 _fДунав-прес АД |
||
| 300 | _c50 см | ||
| 310 | _eсрок за съхранение: 99 | ||
| 380 | _aX | ||
| 852 | _aВ 854 | ||
| 852 | _aК 0/Д 41 | ||
| 856 |
_qpdf _u |
||
| 856 |
_qpdf _u |
||
| 942 |
_cNSP _n0 _s1 _04 |
||
| 944 |
_aCR _cМария_Кръстева _k30545 _lНора Радева |
||
| 944 |
_aED _k05.11.2013 |
||
| 999 |
_c291903 _d291903 |
||
| 999 | _d291903 | ||
| 999 | _d291903 | ||
| 999 | _d291903 | ||